00770cam a22002411 45000010005000000030008000050050017000130080039000300350018000690350018000870400042001050410008001470820020001551000044001752450073002192500012002922600033003043000034003375040063003715040020004346500028004547000046004823706BD-RjUL20211208233755.0160728s1967 nyua b 001 0 eng a(BD-RjUL)3740 a(OCoLC)326084 aDLCcGACCLCdOCoLCdDLCdBD-RjULbeng aeng a320.3bCAM 19671 aCarter, Gwendolen Margaret,d1906-1991.10aMajor foreign powers /c[by] Gwendolen M. Carter [and] John H. Herz. a5th ed. aNew York :bHarcourt,cc1967 axii, 701 p. :bill. ;c24 cm. a"Bibliography, prepared by Louise W. Holborn": p. 637-680. aIncludes Index. 0aComparative government.1 aHerz, John H.,d1908-2005,ejoint author.